000 00304nam a22001457a 4500
008 210302b ||||| |||| 00| 0 eng d
020 _a9781464108785
041 _aeng
080 _a159.9
082 _a159.9
100 _a48
101 _aPSI
245 _aPsychology
_cLicht, D,M
942 _2udc
_cBK
999 _c55526
_d55526